000 00530nam a2200217Ia 4500
001 956
003 GE_BSU
008 181216s||||||||xx |||||||||||||| ||und||
020 _a5160007474
040 _cGE_BSU
080 _a1:34
100 _aИконникова, Г.И; Лященко,В.П;
245 _aОсновы Философии права
260 _aМосква
260 _b,,Инфра
260 _c2001
300 _a256 с.
541 _h7 л.
653 _aФилософии права
942 _cBK
999 _c35115
_d35115